[Event "Belgrade Radnicki IM 03"]
[Site "Belgrade"]
[Date "2024.03.16"]
[Round "5"]
[White "Cetkovic, Miodrag"]
[Black "Sukovic, Andrej"]
[Result "0-1"]
[WhiteElo "1995"]
[BlackElo "2334"]
[PlyCount "94"]
[EventDate "2024.03.13"]
[EventType "tourn"]
[EventRounds "9"]
[EventCountry "SRB"]
[SourceTitle "CB13_2024"]
[SourceDate "2024.03.27"]
[SourceVersion "1"]
[SourceVersionDate "2024.03.27"]
[SourceQuality "1"]

1. e4 c5 2. Nc3 d6 3. f4 g6 4. Nf3 Bg7 5. Bc4 Nc6 6. f5 e6 7. fxe6 fxe6 8. d3 Nf6 9. 0-0 0-0 10. Qe1 Ng4 11. Bg5 Rxf3 12. Bxd8 Bd4+ 13. Kh1 Rxf1+ 14. Qxf1 Nf2+ 15. Qxf2 Bxf2 16. Bc7 Bd7 17. Bxd6 Rc8 18. Nd1 Bd4 19. c3 Bg7 20. Bxc5 Na5 21. Bxa7 b5 22. Bb3 Ra8 23. Bc2 Rxa7 24. a3 Nc6 25. Rb1 Ne5 26. Kg1 Bh6 27. h3 Ra8 28. Kf2 Kf7 29. Ke2 Ke7 30. Ne3 Bf4 31. Bb3 g5 32. d4 Ng6 33. Rg1 Bh2 34. Rh1 Bc7 35. Kd2 Rf8 36. Rf1 Bf4 37. Kd3 h5 38. c4 bxc4+ 39. Bxc4 Rc8 40. b3 h4 41. Nc2 Bg3 42. Ne3 Bf4 43. Nc2 Bb8 44. Ne3 Ba7 45. Rf2 Nf4+ 46. Kc3 Bc6 47. e5 Be4 0-1

[Event "Belgrade Radnicki IM 10"]
[Site "Belgrade"]
[Date "2022.10.17"]
[Round "6"]
[White "Cetkovic, Miodrag"]
[Black "Saypuri, Srithan"]
[Result "1/2-1/2"]
[WhiteElo "2119"]
[BlackElo "2172"]
[PlyCount "85"]
[EventDate "2022.10.13"]
[EventType "tourn"]
[EventRounds "9"]
[EventCountry "SRB"]
[SourceTitle "CBM 210 Extra"]
[Source "ChessBase"]
[SourceDate "2022.11.30"]
[SourceVersion "1"]
[SourceVersionDate "2022.11.30"]
[SourceQuality "1"]

1. e4 c5 2. Nf3 d6 3. d4 cxd4 4. Nxd4 Nf6 5. Nc3 g6 6. Be2 Bg7 7. f4 Nc6 8. Nb3 0-0 9. Be3 e5 10. 0-0 exf4 11. Bxf4 Re8 12. Bf3 Qb6+ 13. Kh1 Ne5 14. Qd2 Nc4 15. Qc1 Be6 16. a4 a5 17. Re1 Rac8 18. Be3 Qd8 19. Nd4 Qd7 20. Nxe6 Qxe6 21. Bd4 Ne5 22. Qd2 Nfg4 23. Bxg4 Qxg4 24. Qe2 Qxe2 25. Rxe2 Nc4 26. Bxg7 Kxg7 27. Nb5 Rcd8 28. b3 Nb6 29. Rd1 d5 30. e5 Nd7 31. Nd6 Rxe5 32. Rxe5 Nxe5 33. Nxb7 Rc8 34. Rxd5 Rxc2 35. h3 f6 36. Rxa5 g5 37. Rc5 Rb2 38. Rc3 g4 39. Kg1 h5 40. Kf1 h4 41. hxg4 Rb1+ 42. Ke2 Rb2+ 43. Kf1 1/2-1/2

[Event "Belgrade Radnicki IM 10"]
[Site "Belgrade"]
[Date "2022.10.15"]
[Round "4"]
[White "Cetkovic, Miodrag"]
[Black "Popchev, Milko"]
[Result "1/2-1/2"]
[WhiteElo "2119"]
[BlackElo "2196"]
[PlyCount "117"]
[EventDate "2022.10.13"]
[EventType "tourn"]
[EventRounds "9"]
[EventCountry "SRB"]
[SourceTitle "CBM 210 Extra"]
[Source "ChessBase"]
[SourceDate "2022.11.30"]
[SourceVersion "1"]
[SourceVersionDate "2022.11.30"]
[SourceQuality "1"]

1. e4 e5 2. Nf3 d6 3. d4 exd4 4. Nxd4 Nf6 5. Nc3 Be7 6. Be2 0-0 7. 0-0 Re8 8. Bf3 c6 9. Re1 Bf8 10. a4 a5 11. Bf4 Na6 12. g4 Nb4 13. h3 Nd7 14. Bg2 Nc5 15. Qd2 g6 16. Bh6 Bxh6 17. Qxh6 Ne6 18. Nxe6 Bxe6 19. Qd2 Qb6 20. Rad1 Rad8 21. Qc1 Qc5 22. Rd2 Bc8 23. Qd1 Qe5 24. Rf1 g5 25. Qf3 Re6 26. Qf5 Rde8 27. Qxe5 dxe5 28. Rfd1 h5 29. f3 Rf6 30. Ne2 h4 31. Kf2 Na6 32. Ke3 Nc5 33. b3 Kf8 34. Nc1 Rg6 35. Bf1 Ne6 36. Nd3 Nf4 37. Nxf4 gxf4+ 38. Kf2 Ke7 39. Bc4 Rgg8 40. Rd6 Rh8 41. c3 f6 42. b4 Rd8 43. Rxd8 Rxd8 44. Rxd8 Kxd8 45. Ke2 Kc7 46. Kd2 Kd6 47. Kc2 b6 48. Be2 Be6 49. Bf1 Bf7 50. Be2 c5 51. bxa5 bxa5 52. c4 Be8 53. Kb3 Ke7 54. Bd1 Kf7 55. Kc3 Kg6 56. Kd2 Bd7 57. Be2 Be8 58. Bd1 Kg5 59. Ke1 1/2-1/2

[Event "Belgrade Radnicki IM 10"]
[Site "Belgrade"]
[Date "2022.10.14"]
[Round "2"]
[White "Cetkovic, Miodrag"]
[Black "Akbas, Umut Ata"]
[Result "0-1"]
[WhiteElo "2119"]
[BlackElo "2292"]
[PlyCount "94"]
[EventDate "2022.10.13"]
[EventType "tourn"]
[EventRounds "9"]
[EventCountry "SRB"]
[SourceTitle "CBM 210 Extra"]
[Source "ChessBase"]
[SourceDate "2022.11.30"]
[SourceVersion "1"]
[SourceVersionDate "2022.11.30"]
[SourceQuality "1"]

1. e4 c5 2. Nc3 Nc6 3. f4 g6 4. Nf3 Bg7 5. Bc4 e6 6. f5 gxf5 7. d3 Nge7 8. Bg5 h6 9. Bh4 Qc7 10. 0-0 a6 11. a4 b6 12. Qd2 Bb7 13. Bg3 d6 14. Nh4 Nd4 15. Rae1 Be5 16. Bxe5 dxe5 17. Qf2 0-0-0 18. Nf3 Rhg8 19. Kh1 Kb8 20. Nd1 Nxf3 21. gxf3 fxe4 22. dxe4 Ng6 23. Rg1 Nf4 24. Rxg8 Rxg8 25. Rg1 Rd8 26. Qf1 Rd2 27. Ne3 Qd8 28. Qe1 Rd4 29. c3 Rd2 30. Ng4 Nh3 31. Rf1 h5 32. Nxe5 Nf2+ 33. Qxf2 Rxf2 34. Rxf2 f5 35. Re2 fxe4 36. fxe4 Qd1+ 37. Kg2 Qxa4 38. b3 Qa1 39. Bxe6 Qxc3 40. Nf3 Bxe4 41. Rxe4 Qc2+ 42. Nd2 Qxd2+ 43. Kg3 Qg5+ 44. Kf3 b5 45. h3 Kc7 46. Ke2 Kd6 47. Re3 Qxe3+ 0-1

[Event "Belgrade Radnicki IM 10"]
[Site "Belgrade"]
[Date "2022.10.13"]
[Round "1"]
[White "Mijailovic, Zoran"]
[Black "Cetkovic, Miodrag"]
[Result "1-0"]
[WhiteElo "2345"]
[BlackElo "2119"]
[PlyCount "119"]
[EventDate "2022.10.13"]
[EventType "tourn"]
[EventRounds "9"]
[EventCountry "SRB"]
[SourceTitle "CBM 210 Extra"]
[Source "ChessBase"]
[SourceDate "2022.11.30"]
[SourceVersion "1"]
[SourceVersionDate "2022.11.30"]
[SourceQuality "1"]

1. d4 Nf6 2. c4 g6 3. Nc3 Bg7 4. e4 d6 5. Nf3 0-0 6. Be2 e5 7. Be3 Nc6 8. d5 Ne7 9. Nd2 Nd7 10. b4 f5 11. f3 Nf6 12. c5 f4 13. Bf2 g5 14. Nc4 b6 15. cxd6 cxd6 16. a4 Ne8 17. a5 Rb8 18. axb6 axb6 19. Nb5 Rf6 20. Na7 Bd7 21. b5 Nc8 22. Nc6 Bxc6 23. bxc6 Nc7 24. 0-0 Bf8 25. Qc2 Rf7 26. Rfb1 Na8 27. Na5 Qf6 28. Nb7 h5 29. Ra3 Rg7 30. h3 Qg6 31. Rb4 Kh8 32. Kf1 Nc7 33. Qd1 Be7 34. Qb1 b5 35. Ra1 Rg8 36. Bxb5 g4 37. hxg4 hxg4 38. Ke2 Rg7 39. Qd3 Rh7 40. fxg4 Qxg4+ 41. Qf3 Qg6 42. Bd3 Rh2 43. Rbb1 Qxg2 44. Qxg2 Rxg2 45. Rh1+ Kg8 46. Kf3 Rg6 47. Bf1 Bf8 48. Bh3 Ne7 49. Ra5 Nc8 50. Bf5 Rg7 51. Rh5 Be7 52. Ra1 Bf6 53. Rah1 Ne8 54. Bxc8 Rxc8 55. Rh8+ Kf7 56. Rxe8 Kxe8 57. Nxd6+ Kd8 58. Bb6+ Rcc7 59. Rh8+ Ke7 60. Re8+ 1-0

[Event "Belgrade-chT Quality"]
[Site "Belgrade"]
[Date "2022.10.05"]
[Round "5.5"]
[White "Cetkovic, Miodrag"]
[Black "Jakovljevic, Zoran D"]
[Result "0-1"]
[WhiteElo "2119"]
[BlackElo "2076"]
[PlyCount "186"]
[EventDate "2022.10.01"]
[EventType "team-tourn"]
[EventRounds "11"]
[EventCountry "SRB"]
[SourceTitle "CBM 210 Extra"]
[Source "ChessBase"]
[SourceDate "2022.11.30"]
[SourceVersion "1"]
[SourceVersionDate "2022.11.30"]
[SourceQuality "1"]
[WhiteTeam "Belgrade Radnicki"]
[BlackTeam "Belgrade Mirijevo"]
[WhiteTeamCountry "SRB"]
[BlackTeamCountry "SRB"]

1. e4 d6 2. Nc3 g6 3. f4 Bg7 4. Nf3 a6 5. Bc4 b5 6. Bb3 c5 7. d3 e6 8. f5 Nc6 9. fxe6 fxe6 10. 0-0 Nf6 11. Bg5 0-0 12. Qe1 Qb6 13. Kh1 h6 14. Be3 Ng4 15. Bg1 Bd7 16. Qg3 Nge5 17. Qh3 Rae8 18. Be3 Nxf3 19. gxf3 Kh7 20. Rg1 Qd8 21. Qg3 Qf6 22. Raf1 Ne5 23. f4 Nf7 24. h4 Bc6 25. Kh2 Nh8 26. Rf2 c4 27. dxc4 b4 28. Ne2 Bxe4 29. Bd4 e5 30. fxe5 Qxf2+ 31. Qxf2 Rxf2+ 32. Bxf2 Bxe5+ 33. Bg3 Bc6 34. Nc1 a5 35. c3 bxc3 36. bxc3 Rf8 37. Bxe5 Rf2+ 38. Kg3 Rf3+ 39. Kh2 dxe5 40. Re1 a4 41. Bd1 Rxc3 42. Be2 e4 43. Rd1 Nf7 44. Kg1 Kg7 45. Kf2 Rh3 46. Bg4 e3+ 47. Ke2 Rxh4 48. Be6 Ne5 49. Bd5 Bd7 50. Kxe3 Kf6 51. c5 Ke7 52. Ne2 Nc4+ 53. Kf3 Rh3+ 54. Ke4 Bf5+ 55. Kd4 Ne3 56. Rc1 Nc2+ 57. Kc4 Ne3+ 58. Kd4 Nc2+ 59. Kc4 Bd3+ 60. Kc3 Bxe2+ 61. Kxc2 Rh5 62. Kd2 Rxd5+ 63. Kxe2 Kd7 64. Rc4 Kc6 65. Rxa4 Kxc5 66. Kf3 h5 67. Ra5+ Kd4 68. Ra8 Ke5 69. Kg3 Kf5 70. a4 Rd3+ 71. Kg2 Ra3 72. a5 Kg4 73. a6 g5 74. a7 Ra2+ 75. Kg1 Kg3 76. Kf1 Ra1+ 77. Ke2 g4 78. Rh8 Rxa7 79. Rxh5 Ra1 80. Rg5 Kf4 81. Rg8 Kg3 82. Rg7 Rg1 83. Rg8 Kh2 84. Kf2 g3+ 85. Kf3 Rf1+ 86. Ke2 Rf5 87. Rh8+ Kg1 88. Rh7 g2 89. Rh8 Re5+ 90. Kd1 Kf2 91. Rf8+ Kg3 92. Rg8+ Kf3 93. Kd2 Re4 0-1

[Event "Belgrade Radnicki"]
[Site "Belgrade"]
[Date "2019.12.10"]
[Round "8"]
[White "Khubukshanov, Erdem"]
[Black "Cetkovic, Miodrag"]
[Result "1-0"]
[WhiteElo "2189"]
[BlackElo "2202"]
[PlyCount "55"]
[EventDate "2019.12.03"]
[EventType "tourn"]
[EventRounds "9"]
[EventCountry "SRB"]
[SourceTitle "CBM 193 Extra"]
[Source "ChessBase"]
[SourceDate "2020.01.31"]
[SourceVersion "1"]
[SourceVersionDate "2020.01.31"]
[SourceQuality "1"]

1. e4 c5 2. Nf3 e6 3. d4 cxd4 4. Nxd4 Nf6 5. Nc3 d6 6. g4 a6 7. g5 Nfd7 8. Be3 Be7 9. Qd2 0-0 10. 0-0-0 Nc6 11. h4 Nxd4 12. Qxd4 b5 13. h5 Bxg5 14. h6 Bf6 15. Qxd6 g6 16. f4 Rb8 17. Rh2 b4 18. Na4 Qa5 19. b3 Re8 20. Rhd2 Bc3 21. Rd3 Rb7 22. e5 Qc7 23. Bg2 Qxd6 24. Rxd6 Rc7 25. Bc6 Rxc6 26. Rxc6 Kf8 27. Rc7 f5 28. Nb6 1-0

[Event "Belgrade Radnicki"]
[Site "Belgrade"]
[Date "2019.12.05"]
[Round "3"]
[White "Cetkovic, Miodrag"]
[Black "Lundin, Jan"]
[Result "1/2-1/2"]
[WhiteElo "2202"]
[BlackElo "2347"]
[PlyCount "70"]
[EventDate "2019.12.03"]
[EventType "tourn"]
[EventRounds "9"]
[EventCountry "SRB"]
[SourceTitle "CBM 193 Extra"]
[Source "ChessBase"]
[SourceDate "2020.01.31"]
[SourceVersion "1"]
[SourceVersionDate "2020.01.31"]
[SourceQuality "1"]

1. e4 c6 2. d4 d5 3. exd5 cxd5 4. Bd3 Nc6 5. c3 Qc7 6. h3 Nf6 7. Nf3 g6 8. Bg5 Bg7 9. Qc1 Bf5 10. Bxf5 gxf5 11. Bf4 Qb6 12. 0-0 0-0 13. Nbd2 Rac8 14. Nb3 Ne4 15. Kh1 Rfd8 16. Be3 a5 17. Nc5 f4 18. Bxf4 Nxc5 19. dxc5 Qxc5 20. Bh6 Bxh6 21. Qxh6 Qd6 22. Qh4 e5 23. Rad1 Qe6 24. Rfe1 f6 25. Nd4 Nxd4 26. Rxd4 Qf7 27. Qg4+ Kh8 28. Rd2 Rd7 29. Red1 Rcd8 30. Qa4 b6 31. Qb5 Qe6 32. Qe2 Qf5 33. Qb5 Qe6 34. Qe2 Qf5 35. Qb5 Qe6 1/2-1/2

[Event "MNT-chT 1st League"]
[Site "Podgorica"]
[Date "2019.07.24"]
[Round "5.3"]
[White "Cetkovic, Miodrag"]
[Black "Musovic, Armin"]
[Result "1-0"]
[WhiteElo "2192"]
[BlackElo "2281"]
[PlyCount "97"]
[EventDate "2019.07.20"]
[EventType "team-tourn"]
[EventRounds "9"]
[EventCountry "MNE"]
[SourceTitle "EXT 2020"]
[Source "ChessBase"]
[SourceDate "2019.10.17"]
[SourceVersion "1"]
[SourceVersionDate "2019.10.17"]
[SourceQuality "1"]
[WhiteTeam "Kotor"]
[BlackTeam "Rokada"]
[WhiteTeamCountry "MNE"]
[BlackTeamCountry "MNE"]

1. e4 c6 2. d4 d5 3. e5 c5 4. dxc5 Nc6 5. Bb5 e6 6. Be3 Nge7 7. Nf3 Qa5+ 8. Nc3 Bd7 9. Bxc6 Nxc6 10. a3 a6 11. 0-0 Qc7 12. Re1 Be7 13. b4 Nxe5 14. Bd4 Nxf3+ 15. Qxf3 f6 16. Qh5+ Kf8 17. Qe2 Re8 18. Qd2 Kf7 19. f4 Bd8 20. Bf2 Rhf8 21. Rad1 Qc6 22. a4 Kg8 23. Qd4 f5 24. Qd2 Bf6 25. Bd4 Rc8 26. a5 Qc7 27. Bxf6 Rxf6 28. Nxd5 exd5 29. Qxd5+ Rf7 30. Re7 Rcf8 31. Rxd7 Qxf4 32. Rxb7 h5 33. Qe6 Qe4 34. Qxe4 fxe4 35. Rxf7 Rxf7 36. Rd8+ Kh7 37. Re8 Rf4 38. g3 Rf3 39. Rxe4 Rc3 40. Re6 Rc4 41. c3 Rxc3 42. Rxa6 g5 43. Rb6 h4 44. gxh4 gxh4 45. Kg2 Kg7 46. a6 Kf7 47. b5 Ra3 48. Rh6 h3+ 49. Rxh3 1-0

[Event "Belgrade Trophy 32nd"]
[Site "Belgrade"]
[Date "2018.12.02"]
[Round "9"]
[White "Cetkovic, Miodrag"]
[Black "Petrov, Marian"]
[Result "0-1"]
[WhiteElo "2189"]
[BlackElo "2488"]
[PlyCount "76"]
[EventDate "2018.11.24"]
[EventType "swiss"]
[EventRounds "9"]
[EventCountry "SRB"]
[SourceTitle "CBM 187 Extra"]
[Source "ChessBase"]
[SourceDate "2018.11.04"]
[SourceVersion "1"]
[SourceVersionDate "2018.11.04"]
[SourceQuality "1"]

1. e4 c5 2. Nc3 Nc6 3. f4 e6 4. Bb5 Nd4 5. Nf3 Nf6 6. e5 Nxb5 7. exf6 Nd4 8. Nxd4 cxd4 9. fxg7 Bxg7 10. Qg4 0-0 11. Ne2 f5 12. Qg3 Qb6 13. d3 d6 14. 0-0 Bd7 15. Kh1 Rf6 16. Qf2 Rg6 17. Rg1 Kf7 18. h3 Rc8 19. c4 dxc3 20. Qxb6 axb6 21. bxc3 Bb5 22. Bd2 Bxd3 23. Rae1 b5 24. a3 Bf6 25. Kh2 Ra8 26. Bc1 e5 27. g3 Ra4 28. Rg2 Re4 29. Bd2 h5 30. Ng1 Rg8 31. Nf3 Rxe1 32. Nxe1 Be4 33. Re2 Ra8 34. fxe5 Bxe5 35. Ng2 Rxa3 36. Nf4 Ra1 37. Re1 Ra2 38. Re2 h4 0-1

[Event "Belgrade Trophy 32nd"]
[Site "Belgrade"]
[Date "2018.11.25"]
[Round "2"]
[White "Radovanovic, Mihajlo"]
[Black "Cetkovic, Miodrag"]
[Result "1-0"]
[WhiteElo "2466"]
[BlackElo "2189"]
[PlyCount "81"]
[EventDate "2018.11.24"]
[EventType "swiss"]
[EventRounds "9"]
[EventCountry "SRB"]
[SourceTitle "CBM 187 Extra"]
[Source "ChessBase"]
[SourceDate "2018.11.04"]
[SourceVersion "1"]
[SourceVersionDate "2018.11.04"]
[SourceQuality "1"]

1. Nf3 Nf6 2. g3 d6 3. d4 Nbd7 4. c4 e5 5. Nc3 Be7 6. Bg2 c6 7. Qc2 Qc7 8. 0-0 0-0 9. h3 Re8 10. a3 Nf8 11. e4 Ng6 12. Rd1 Bd7 13. Be3 Rac8 14. Rac1 b5 15. Qe2 Qb7 16. cxb5 cxb5 17. dxe5 dxe5 18. Nd5 Nxd5 19. exd5 Bd6 20. Ng5 Bf5 21. Rc6 Rcd8 22. Qh5 Nf8 23. Ne4 Bxe4 24. Bxe4 b4 25. a4 b3 26. Qe2 Qd7 27. Qg4 Qe7 28. h4 Nd7 29. Bg5 f6 30. Qe6+ Qxe6 31. dxe6 Nc5 32. Bd5 Be7 33. Be3 Nxa4 34. Bxb3 Rxd1+ 35. Bxd1 Nxb2 36. Bc2 g6 37. Rc7 Bd6 38. Rd7 Be7 39. Rb7 Nc4 40. Ba4 Kf8 41. Bh6+ 1-0

[Event "Belgrade Trophy 31st"]
[Site "Belgrade"]
[Date "2017.11.27"]
[Round "4"]
[White "Cetkovic, Miodrag"]
[Black "Hart, Alexander E"]
[Result "1-0"]
[WhiteElo "2223"]
[BlackElo "1922"]
[PlyCount "75"]
[EventDate "2017.11.24"]
[EventType "swiss"]
[EventRounds "9"]
[EventCountry "SRB"]
[SourceTitle "CBM 181 Extra"]
[Source "ChessBase"]
[SourceDate "2017.12.12"]
[SourceVersion "1"]
[SourceVersionDate "2017.12.12"]
[SourceQuality "1"]

1. e4 c6 2. Nc3 d5 3. Nf3 Bg4 4. h3 Bxf3 5. Qxf3 e6 6. d3 d4 7. Ne2 Na6 8. a3 c5 9. Qg3 g6 10. f4 Ne7 11. Qf2 Bg7 12. g4 Qa5+ 13. Bd2 Qb6 14. b3 f5 15. Bg2 h5 16. gxf5 exf5 17. 0-0 fxe4 18. Bxe4 0-0-0 19. Kh1 Rhg8 20. Rae1 Nc7 21. Rg1 Ncd5 22. Rg2 Bh6 23. Reg1 Rdf8 24. b4 Qc7 25. bxc5 Bxf4 26. Nxf4 Nxf4 27. Bxf4 Rxf4 28. Qxd4 Rh4 29. Qe3 Qd7 30. Rg3 Re8 31. Qf3 g5 32. Kh2 g4 33. Qf6 Rxh3+ 34. Rxh3 gxh3 35. Rg7 Qc7+ 36. Qd6 Qd7 37. Qxd7+ Kxd7 38. Bxb7 1-0

[Event "Belgrade Trophy 31st"]
[Site "Belgrade"]
[Date "2017.11.26"]
[Round "3"]
[White "Petrovic, Petar"]
[Black "Cetkovic, Miodrag"]
[Result "0-1"]
[WhiteElo "1997"]
[BlackElo "2223"]
[PlyCount "100"]
[EventDate "2017.11.24"]
[EventType "swiss"]
[EventRounds "9"]
[EventCountry "SRB"]
[SourceTitle "CBM 181 Extra"]
[Source "ChessBase"]
[SourceDate "2017.12.12"]
[SourceVersion "1"]
[SourceVersionDate "2017.12.12"]
[SourceQuality "1"]

1. c4 e5 2. Nc3 Nc6 3. g3 f5 4. Bg2 Nf6 5. e3 d5 6. cxd5 Nb4 7. d3 Nfxd5 8. Nxd5 Nxd5 9. a3 Be7 10. Ne2 Be6 11. 0-0 0-0 12. Bd2 c6 13. Nc3 Nf6 14. Qc2 Qd7 15. Rfd1 Rad8 16. Be1 Bd6 17. b4 Qf7 18. Rab1 f4 19. Ne4 Nxe4 20. dxe4 fxe3 21. fxe3 Bc7 22. Rxd8 Rxd8 23. Bc3 Qh5 24. Re1 Bb6 25. Bf1 Qg5 26. Bd2 Kh8 27. Bc1 h5 28. Qg2 Bg4 29. h3 Rd1 30. Rxd1 Bxe3+ 31. Bxe3 Qxe3+ 32. Qf2 Qxf2+ 33. Kxf2 Bxd1 34. Ke3 Kg8 35. Bc4+ Kf8 36. Be6 Ke7 37. Bc8 b6 38. Kd3 Bb3 39. Bf5 Be6 40. Bg6 Bf7 41. Bxf7 Kxf7 42. Kc4 Ke6 43. b5 Kd6 44. a4 Kc7 45. Kb4 Kb7 46. Kc4 a6 47. Kb4 axb5 48. axb5 cxb5 49. Kxb5 Kc7 50. Kb4 Kc6 0-1

[Event "Gligoric Cup 4th"]
[Site "Novi Banovci"]
[Date "2017.05.27"]
[Round "4.7"]
[White "Stamenkovic, Aleksandar"]
[Black "Cetkovic, Miodrag"]
[Result "0-1"]
[WhiteElo "2206"]
[BlackElo "2186"]
[PlyCount "80"]
[EventDate "2017.05.25"]
[EventType "team-swiss"]
[EventRounds "5"]
[EventCountry "SRB"]
[SourceTitle "CBM 178 Extra"]
[Source "ChessBase"]
[SourceDate "2017.06.22"]
[SourceVersion "1"]
[SourceVersionDate "2017.06.22"]
[SourceQuality "1"]
[WhiteTeam "Indija Sloga"]
[BlackTeam "Belgrade Radnicki"]
[WhiteTeamCountry "SRB"]
[BlackTeamCountry "SRB"]

1. d4 c5 2. d5 e5 3. e4 d6 4. Nf3 g6 5. Nc3 Bg7 6. Bd3 Nf6 7. 0-0 0-0 8. Bg5 h6 9. Bh4 g5 10. Bg3 Nh5 11. Nd2 Nf4 12. Nc4 a6 13. a4 b6 14. Ra3 Qc7 15. h4 Nd7 16. hxg5 hxg5 17. Qg4 Nf6 18. Qxg5 Nh7 19. Qh4 Ng6 20. Qh5 Bd7 21. Ne3 Nf6 22. Qh2 Rfe8 23. Nf5 c4 24. Be2 b5 25. axb5 axb5 26. Rxa8 Rxa8 27. Bh4 b4 28. Nxg7 Kxg7 29. Bxf6+ Kxf6 30. Nd1 Rh8 31. Qg3 Nf4 32. Re1 Qc5 33. c3 Rh6 34. Qe3 Qc8 35. g3 Qh8 36. Bf3 Nd3 37. Re2 Bg4 38. cxb4 Nxb4 39. Rd2 Nd3 40. b3 Ne1 0-1

[Event "Belgrade-chT"]
[Site "Belgrade"]
[Date "2017.05.12"]
[Round "3.2"]
[White "Cetkovic, Miodrag"]
[Black "Srdanovic, Jovana"]
[Result "1-0"]
[WhiteElo "2186"]
[BlackElo "1881"]
[PlyCount "65"]
[EventDate "2017.05.10"]
[EventType "team-swiss"]
[EventRounds "5"]
[EventCountry "SRB"]
[SourceTitle "CBM 178 Extra"]
[Source "ChessBase"]
[SourceDate "2017.06.22"]
[SourceVersion "1"]
[SourceVersionDate "2017.06.22"]
[SourceQuality "1"]
[WhiteTeam "Belgrade Radnicki"]
[BlackTeam "Belgrade"]
[WhiteTeamCountry "SRB"]
[BlackTeamCountry "SRB"]

1. e4 c5 2. Nc3 d6 3. Nge2 a6 4. a4 Nf6 5. h3 Nc6 6. g4 e6 7. Bg2 Be7 8. Ng3 0-0 9. d3 Rb8 10. 0-0 Qc7 11. g5 Nd7 12. f4 Re8 13. h4 b5 14. axb5 axb5 15. f5 Bf8 16. h5 Nde5 17. Nce2 Nd4 18. Nf4 b4 19. Be3 Bd7 20. g6 fxg6 21. hxg6 h6 22. f6 Kh8 23. fxg7+ Bxg7 24. Ngh5 b3 25. cxb3 Nxb3 26. Nxg7 Kxg7 27. Qh5 Rh8 28. Qh4 Bc8 29. Nh5+ Kg8 30. g7 Ng6 31. gxh8Q+ Kxh8 32. Qf6+ Kh7 33. Qf7+ 1-0

[Event "Belgrade-chT"]
[Site "Belgrade"]
[Date "2016.10.16"]
[Round "8.7"]
[White "Savic, Dragoljub"]
[Black "Cetkovic, Miodrag"]
[Result "0-1"]
[WhiteElo "2082"]
[BlackElo "2195"]
[PlyCount "64"]
[EventDate "2016.10.08"]
[EventType "team-tourn"]
[EventRounds "13"]
[EventCountry "SRB"]
[SourceTitle "CBM 175 Extra"]
[Source "ChessBase"]
[SourceDate "2016.12.12"]
[SourceVersion "1"]
[SourceVersionDate "2016.12.12"]
[SourceQuality "1"]
[WhiteTeam "Lasta"]
[BlackTeam "Belgrade Radnicki"]
[WhiteTeamCountry "SRB"]
[BlackTeamCountry "SRB"]

1. d4 Nf6 2. c4 e5 3. dxe5 Ng4 4. Bf4 Nc6 5. Nf3 Bb4+ 6. Nc3 Qe7 7. Qd5 Bxc3+ 8. bxc3 Qa3 9. Rc1 f6 10. exf6 Nxf6 11. Qd2 d6 12. Qc2 0-0 13. Rb1 a6 14. e3 Qc5 15. Bd3 Ne5 16. Bxe5 dxe5 17. Ng5 h6 18. Ne4 Nxe4 19. Bxe4 c6 20. Bh7+ Kh8 21. Bd3 b5 22. cxb5 axb5 23. c4 b4 24. 0-0 Be6 25. Rb2 Qa5 26. c5 Rfd8 27. Bc4 Bd5 28. Bb3 Bxb3 29. axb3 Rd5 30. Rd1 Qxc5 31. Qb1 Rad8 32. Rc1 Qxc1+ 0-1